| 000 | 00550nam a2200181Ia 4500 | ||
|---|---|---|---|
| 999 |
_c58575 _d58572 |
||
| 082 | _aR/5BS(CS)10 | ||
| 100 | _aNaila Parveen | ||
| 100 | _aRoll No. 10BS(CS)05 | ||
| 100 | _aSupervisor - Ms. Mehwish Leghari | ||
| 245 | 0 | _aMedical Diagnosis Expert System (MDES). | |
| 260 |
_aNawabshah _bQUEST _c2014 |
||
| 300 | _a86p | ||
| 700 | _aSharmeen Fatima (Roll No. 10BS(CS)06) | ||
| 700 | _aRoheen Qamar (Roll No. 10BS(CS)04) | ||
| 700 | _aMehtab Khatoon (Roll No. 10BS(CS)03) | ||
| 700 | _aKanwal Khooso (Roll No. 10-09BS(CS)22) | ||
| 942 | _cTHESIS | ||